[Event "OLNN 1819 SK Johanneum Eppendorf - SF S"]
[Site "?"]
[Date "2019.02.24"]
[Round "7.1"]
[White "Brynell, Stellan"]
[Black "Wedberg, Tom"]
[Result "1-0"]
[WhiteElo "2400"]
[BlackElo "2425"]
[PlyCount "79"]
[EventDate "2019.??.??"]

1. d4 Nf6 2. Nf3 e6 3. c4 c5 4. g3 cxd4 5. Nxd4 Nc6 6. Bg2 Qb6 7. Nb3 Bb4+ 8.
Bd2 Ne5 9. Qc2 Bxd2+ 10. N1xd2 d5 11. cxd5 exd5 12. Qc5 Qxc5 13. Nxc5 b6 14.
Ncb3 Ba6 15. Rc1 O-O 16. Nd4 Rfe8 17. O-O Rac8 18. N2f3 Nc4 19. Rc2 Nd6 20.
Rfc1 Rxc2 21. Rxc2 Rc8 22. Rxc8+ Bxc8 23. Ne5 Kf8 24. Kf1 a6 25. Ke1 Nf5 26.
Ndc6 Be6 27. Kd2 Ne4+ 28. Bxe4 dxe4 29. b3 f6 30. Nc4 Bxc4 31. bxc4 Ke8 32. Nb4
Kd7 33. Nxa6 Kd6 34. Kc3 h5 35. a4 g5 36. Nb4 e3 37. f3 h4 38. gxh4 gxh4 39.
Nd5 Ke5 40. Kd3 1-0

[Event "OLNN 1819 SK Johanneum Eppendorf - SF S"]
[Site "?"]
[Date "2019.02.24"]
[Round "7.2"]
[White "Zart, Ruediger"]
[Black "De Jong, Migchiel"]
[Result "0-1"]
[WhiteElo "2151"]
[BlackElo "2333"]
[PlyCount "112"]
[EventDate "2019.??.??"]

1. e4 e6 2. d4 d5 3. Nd2 c5 4. exd5 Qxd5 5. Ngf3 cxd4 6. Bc4 Qd6 7. O-O Nf6 8.
Nb3 Nc6 9. Nbxd4 Nxd4 10. Qxd4 Qxd4 11. Nxd4 Bd7 12. Bf4 Rc8 13. Bb3 Bc5 14.
Rad1 O-O 15. h3 Rfd8 16. c3 b5 17. a3 a5 18. Be3 Ne4 19. Nc2 Bxe3 20. Nxe3 Kf8
21. Bc2 Nf6 22. Rd2 Bc6 23. Rfd1 Rxd2 24. Rxd2 Ke7 25. Kf1 Be4 26. Bxe4 Nxe4
27. Rd4 Nd6 28. Ke2 Nc4 29. Nxc4 bxc4 30. Kd2 a4 31. Kc2 Rc5 32. g4 g5 33. Kc1
f5 34. Kc2 f4 35. Kc1 e5 36. Rd2 Ke6 37. Rd8 Rd5 38. Re8+ Kf6 39. Rf8+ Ke7 40.
Rh8 Rd3 41. Rxh7+ Ke6 42. h4 Rf3 43. hxg5 Rxf2 44. Rh6+ Kd5 45. g6 Rg2 46. Rh4
Ke6 47. g7 Kf7 48. Rh5 Re2 49. Kd1 Re4 50. Rg5 Kg8 51. Rg6 f3 52. Rf6 Rf4 53.
Rxf4 exf4 54. Ke1 Kxg7 55. Kf1 Kh6 56. Kf2 Kg6 0-1

[Event "OLNN 1819 SK Johanneum Eppendorf - SF S"]
[Site "?"]
[Date "2019.02.24"]
[Round "7.3"]
[White "Kesten, Sebastian"]
[Black "Schroeder, Christoph"]
[Result "1/2-1/2"]
[WhiteElo "2292"]
[BlackElo "2142"]
[PlyCount "135"]
[EventDate "2019.??.??"]

1. c4 e6 2. g3 d5 3. Bg2 Nf6 4. b3 Be7 5. Bb2 O-O 6. Nf3 b6 7. O-O Bb7 8. e3 c5
9. Qe2 Nbd7 10. d3 Qc7 11. Nbd2 Rac8 12. Rac1 Qb8 13. e4 dxe4 14. dxe4 Qa8 15.
Rfe1 Rfd8 16. e5 Ne8 17. Ne4 Bxe4 18. Qxe4 Qxe4 19. Rxe4 Nb8 20. Bf1 Nc6 21.
Rb1 Rd7 22. Bc3 Rcd8 23. Ree1 Nc7 24. a3 a5 25. Rec1 Na6 26. Ne1 Nd4 27. Kg2 h5
28. f4 g6 29. Kf2 Kg7 30. Bg2 Kh7 31. Be4 Kg7 32. Ng2 Kh7 33. h3 Kg7 34. Ne3
Rh8 35. Rd1 f5 36. Bc6 Rc7 37. Bg2 Rd8 38. g4 hxg4 39. hxg4 Bh4+ 40. Kf1 fxg4
41. Nxg4 Rf7 42. Bd2 g5 43. Be3 gxf4 44. Bxd4 Rfd7 45. Bd5 cxd4 46. Bxe6 Re7
47. Bd5 Nc7 48. Rxd4 Ne6 49. Rd3 Kg6 50. Rbd1 Kg5 51. Bxe6 Rxd3 52. Rxd3 Rxe6
53. Nh2 Kg6 54. Nf3 Be7 55. Nd4 Rxe5 56. Nc6 Re6 57. Nxe7+ Rxe7 58. Rd6+ Kf5
59. Rxb6 Ke4 60. Kf2 Kd4 61. a4 Re3 62. Rb5 Rh3 63. Rb8 Ke4 64. Re8+ Kd4 65.
Rd8+ Ke4 66. Re8+ Kd4 67. Rb8 Ke4 68. Re8+ 1/2-1/2

[Event "OLNN 1819 SK Johanneum Eppendorf - SF S"]
[Site "?"]
[Date "2019.02.24"]
[Round "7.4"]
[White "von Gleich, Alexander"]
[Black "Reichmann, Hendrik"]
[Result "1-0"]
[WhiteElo "2328"]
[BlackElo "2342"]
[PlyCount "79"]
[EventDate "2019.??.??"]

1. Nf3 g6 2. c4 Bg7 3. e4 d6 4. d4 Bg4 5. Be2 Nc6 6. Be3 e5 7. d5 Bxf3 8. Bxf3
Nd4 9. Bxd4 exd4 10. Na3 c5 11. dxc6 bxc6 12. O-O Ne7 13. b4 O-O 14. Rb1 Qb6
15. Qd3 a5 16. c5 dxc5 17. Nc4 Qa7 18. bxa5 Rfb8 19. Rb6 Qc7 20. Rfb1 Nc8 21.
a4 Be5 22. g3 Qe7 23. Rxc6 Rb4 24. Rxb4 cxb4 25. Bd1 Nd6 26. Nxd6 Bxd6 27. a6
h5 28. Bb3 Rd8 29. Qxd4 Be5 30. Qc5 Bd6 31. Qe3 Kh7 32. h4 Be5 33. Qc5 Bd6 34.
Qc4 Rd7 35. Qxf7+ Kh6 36. Qxe7 Bxe7 37. Bf7 Kg7 38. Bd5 Bf6 39. Rb6 Bc3 40. Kf1
1-0

[Event "OLNN 1819 SK Johanneum Eppendorf - SF S"]
[Site "?"]
[Date "2019.02.24"]
[Round "7.5"]
[White "Schulz, Karsten"]
[Black "Keyser, Robin"]
[Result "1-0"]
[WhiteElo "2240"]
[BlackElo "2015"]
[PlyCount "49"]
[EventDate "2019.??.??"]

1. c4 g6 2. Nc3 Bg7 3. g3 d6 4. Bg2 e5 5. d3 f5 6. e3 Nf6 7. Nge2 O-O 8. O-O c6
9. f4 Nbd7 10. b3 Re8 11. h3 Nc5 12. Rb1 a5 13. Qd2 Kh8 14. Ba3 exf4 15. exf4
Qe7 16. Rbe1 Bd7 17. Nd4 Qf7 18. Nf3 h6 19. Bxc5 dxc5 20. Ne5 Rxe5 21. fxe5 Nh7
22. Na4 Re8 23. Nxc5 Bxe5 24. Rxe5 Rxe5 25. Qc3 1-0

[Event "OLNN 1819 SK Johanneum Eppendorf - SF S"]
[Site "?"]
[Date "2019.02.24"]
[Round "7.6"]
[White "Schueler, Hendrik"]
[Black "Wolf, Christoph"]
[Result "0-1"]
[WhiteElo "2107"]
[BlackElo "2222"]
[PlyCount "90"]
[EventDate "2019.??.??"]

1. d4 d5 2. Nf3 Nf6 3. c4 e6 4. g3 Be7 5. Bg2 O-O 6. Qc2 c5 7. cxd5 cxd4 8.
dxe6 Bxe6 9. O-O Nc6 10. Qd1 Qb6 11. Ne1 Rac8 12. Nd3 Rfd8 13. Nd2 Nb4 14. Nxb4
Bxb4 15. Nf3 Bf5 16. Ne1 Bxe1 17. Rxe1 Rc2 18. b3 Ng4 19. Rf1 d3 20. e3 Qf6 21.
Ba3 Be6 22. Qf3 Rxf2 23. Qxf6 Rxf6 24. Rxf6 gxf6 25. Bc5 Rc8 26. Bd4 d2 27. Rd1
Rc2 28. Bxa7 Rxa2 29. Bd4 Bxb3 30. Bf3 Bxd1 31. Bxd1 Ne5 32. Kf1 Kg7 33. Ke2 b5
34. Bb3 d1=Q+ 35. Kxd1 Rxh2 36. Bd5 Rh3 37. Ke2 Rxg3 38. Kf2 Rg5 39. Bb3 Nc4
40. Bc3 Nxe3 41. Kxe3 Rg3+ 42. Kd2 b4 43. Bxb4 Rxb3 44. Bc5 h5 45. Ke2 Kg6 0-1

[Event "OLNN 1819 SK Johanneum Eppendorf - SF S"]
[Site "?"]
[Date "2019.02.24"]
[Round "7.7"]
[White "Heinsohn, Wilfried"]
[Black "Zobel, Andrej"]
[Result "1/2-1/2"]
[WhiteElo "2149"]
[BlackElo "2062"]
[PlyCount "42"]
[EventDate "2019.??.??"]

1. Nf3 d5 2. g3 Nf6 3. Bg2 c5 4. d3 Nc6 5. O-O e5 6. Nbd2 Be7 7. e4 O-O 8. Re1
d4 9. Nc4 Nd7 10. a4 b6 11. Bh3 Qc7 12. Bd2 Re8 13. c3 Nf8 14. Bxc8 Raxc8 15.
cxd4 cxd4 16. Rc1 Qb8 17. Rf1 a6 18. a5 bxa5 19. Qa4 Bb4 20. Nxa5 Bxa5 21. Bxa5
Qb5 1/2-1/2

[Event "OLNN 1819 SK Johanneum Eppendorf - SF S"]
[Site "?"]
[Date "2019.02.24"]
[Round "7.8"]
[White "Wirthgen, Peter"]
[Black "Westphal, Wolfgang"]
[Result "0-1"]
[WhiteElo "2081"]
[BlackElo "2141"]
[PlyCount "84"]
[EventDate "2019.??.??"]

1. d4 Nf6 2. c4 e6 3. Nc3 Bb4 4. Qc2 b6 5. e4 c5 6. e5 cxd4 7. a3 Bxc3+ 8. bxc3
Ng8 9. cxd4 Ne7 10. Bd3 Bb7 11. Nf3 d5 12. c5 Nd7 13. cxb6 Nxb6 14. Bd2 Nc4 15.
Bb4 Rc8 16. Qe2 Ng6 17. g3 a5 18. Bc5 Nf8 19. Nd2 Nd7 20. Bd6 Nxd6 21. exd6 O-O
22. Rb1 Ba8 23. Nf3 Nf6 24. O-O Qxd6 25. a4 Ne4 26. Rb3 h6 27. Qe1 Bc6 28. Bb5
Bxb5 29. Rxb5 Qa3 30. Kg2 Rc3 31. Nd2 Nxd2 32. Qxd2 Rd3 33. Qxa5 Rxd4 34. Rfb1
Rxa4 35. Qc7 Rc4 36. Qe5 Qc3 37. Qd6 Rc6 38. Qe7 Qe5 39. Rb7 Rc2 40. R1b4 d4
41. Qh4 Qd5+ 42. Kh3 Rxf2 0-1

[Event "OLNN 1819 Preetzer TSV - SC Diogenes"]
[Site "?"]
[Date "2019.02.24"]
[Round "7.2"]
[White "Pedersen, Steffen"]
[Black "Schulenburg, Fabian"]
[Result "1/2-1/2"]
[WhiteElo "2325"]
[BlackElo "2273"]
[PlyCount "39"]
[EventDate "2019.??.??"]

1. d4 d5 2. c4 c6 3. cxd5 cxd5 4. Nc3 Nf6 5. Bf4 a6 6. e3 Nc6 7. Be2 Bf5 8. Nf3
e6 9. Qb3 Qc8 10. Rc1 Nd7 11. Nh4 Bg6 12. Nxg6 hxg6 13. O-O Be7 14. e4 dxe4 15.
Nxe4 Nf6 16. Nxf6+ Bxf6 17. d5 exd5 18. Bf3 O-O 19. Bxd5 Qf5 20. Bxc6 1/2-1/2

[Event "OLNN 1819 Preetzer TSV - SC Diogenes"]
[Site "?"]
[Date "2019.02.24"]
[Round "7.3"]
[White "Schulenburg, Torben"]
[Black "Reinecker, Kai"]
[Result "0-1"]
[WhiteElo "2176"]
[BlackElo "2252"]
[PlyCount "92"]
[EventDate "2019.??.??"]

1. d4 Nf6 2. c4 e6 3. Nc3 d5 4. cxd5 exd5 5. Bg5 c6 6. Qc2 Be7 7. e3 h6 8. Bxf6
Bxf6 9. Bd3 O-O 10. Nge2 b6 11. O-O Bb7 12. b4 Nd7 13. Rfd1 Qe7 14. b5 c5 15.
Bf5 g6 16. Bh3 cxd4 17. exd4 Rfc8 18. Rd3 Rc4 19. Qd2 Bg5 20. f4 Bf6 21. Nd1
Nc5 22. Rf3 Ne4 23. Qd3 Qb4 24. Rb1 Qe1+ 25. Rf1 Qd2 26. Rb3 Bxd4+ 27. Kh1 Bc5
28. f5 g5 29. f6 Rc2 30. Ng3 d4 31. Nxe4 Qxd3 32. Rxd3 Bxe4 33. Rg3 Rxa2 34.
Nf2 Bg6 35. Ng4 h5 36. Ne5 g4 37. Bxg4 hxg4 38. Rxg4 a6 39. bxa6 R2xa6 40. Nxg6
fxg6 41. Rxg6+ Kf7 42. Rg7+ Ke6 43. Re1+ Kd5 44. g4 Ra1 45. Rxa1 Rxa1+ 46. Kg2
Ke6 0-1

[Event "OLNN 1819 Preetzer TSV - SC Diogenes"]
[Site "?"]
[Date "2019.02.24"]
[Round "7.4"]
[White "Junge, Kai"]
[Black "Korba, Roman"]
[Result "1/2-1/2"]
[WhiteElo "2181"]
[BlackElo "2142"]
[PlyCount "87"]
[EventDate "2019.??.??"]

1. Nf3 d5 2. g3 Nf6 3. Bg2 c6 4. O-O Bf5 5. d3 e6 6. Nbd2 h6 7. Qe1 Be7 8. e4
Bh7 9. Ne5 O-O 10. f4 Nfd7 11. Nxd7 Qxd7 12. Kh1 Na6 13. Qe2 Rfd8 14. g4 Nb4
15. Nf3 dxe4 16. dxe4 c5 17. Ne5 Qc7 18. a3 Nc6 19. Nxc6 Qxc6 20. Bd2 Rd7 21.
Bc3 Rad8 22. f5 Bg5 23. Rad1 b5 24. Rxd7 Rxd7 25. Qf2 Qb6 26. h4 Bd8 27. e5 b4
28. axb4 cxb4 29. Qxb6 Bxb6 30. Bxb4 exf5 31. gxf5 Rd4 32. Be1 Rd1 33. e6 fxe6
34. fxe6 Bc5 35. Bf3 Rb1 36. Bd5 Bg6 37. b3 Kh7 38. Kg2 Bxc2 39. Bf2 Rb2 40.
Bxc5 Be4+ 41. Kg3 Bxd5 42. e7 Rxb3+ 43. Kf4 Bc6 44. Bxa7 1/2-1/2

[Event "OLNN 1819 Preetzer TSV - SC Diogenes"]
[Site "?"]
[Date "2019.02.24"]
[Round "7.5"]
[White "Gottuk, Stefan"]
[Black "Light, Bjarne"]
[Result "0-1"]
[WhiteElo "2146"]
[BlackElo "2195"]
[PlyCount "60"]
[EventDate "2019.??.??"]

1. d4 e6 2. Bf4 Nf6 3. e3 c5 4. c3 Nc6 5. Nd2 d5 6. Ngf3 cxd4 7. exd4 Nh5 8.
Bg3 Be7 9. Bd3 Bd7 10. Qe2 Nxg3 11. hxg3 h6 12. Ne5 Nxe5 13. dxe5 a6 14. f4 b5
15. a3 Qb6 16. Nf3 Rb8 17. Nd4 b4 18. axb4 Bxb4 19. Rxa6 Qxd4 20. cxb4 Qxb4+
21. Kf1 O-O 22. Rxh6 Rfc8 23. Rh3 Qd4 24. Ra1 Rxb2 25. Qf3 Rd2 26. Rd1 Rxd1+
27. Qxd1 Bb5 28. g4 Rc3 29. Ke2 Qe4+ 30. Re3 Bxd3+ 0-1

[Event "OLNN 1819 Preetzer TSV - SC Diogenes"]
[Site "?"]
[Date "2019.02.24"]
[Round "7.6"]
[White "Willsch, Matthias"]
[Black "Rieling, Thomas"]
[Result "1-0"]
[WhiteElo "2200"]
[BlackElo "2101"]
[PlyCount "33"]
[EventDate "2019.??.??"]

1. d4 Nf6 2. c4 e6 3. g3 Bb4+ 4. Nd2 c5 5. a3 Bxd2+ 6. Qxd2 cxd4 7. Nf3 b6 8.
Bg2 Bb7 9. Qxd4 Nc6 10. Qh4 Ne7 11. O-O Qc7 12. b3 Nf5 13. Qh3 O-O 14. Bb2 d5
15. cxd5 Bxd5 16. Bxf6 gxf6 17. e4 1-0

[Event "OLNN 1819 Preetzer TSV - SC Diogenes"]
[Site "?"]
[Date "2019.02.24"]
[Round "7.7"]
[White "Kalla, Christian"]
[Black "Dittmann, Hans-Adolf"]
[Result "1-0"]
[WhiteElo "1986"]
[BlackElo "2081"]
[PlyCount "73"]
[EventDate "2019.??.??"]

1. e4 c5 2. c3 d5 3. exd5 Qxd5 4. d4 Nf6 5. Nf3 e6 6. Be3 cxd4 7. cxd4 Be7 8.
Nc3 Qd8 9. Bd3 O-O 10. O-O b6 11. Qe2 Bb7 12. Rfd1 Nbd7 13. Rac1 Nd5 14. Nxd5
Bxd5 15. Ne5 Rc8 16. Rxc8 Qxc8 17. Rc1 Qd8 18. Nc6 Bxc6 19. Rxc6 Nf6 20. Qc2
Qd5 21. Rc7 Bd6 22. Rxa7 Ng4 23. Bxh7+ Kh8 24. Be4 Bxh2+ 25. Kf1 Nxe3+ 26. fxe3
Qg5 27. Ke2 f5 28. Bf3 Bg1 29. Qc1 Bh2 30. Rb7 e5 31. dxe5 f4 32. exf4 Rxf4 33.
Qc8+ Kh7 34. Qh3+ Rh4 35. Be4+ Kh6 36. Rxb6+ Kh5 37. Bf3+ 1-0

[Event "OLNN 1819 Preetzer TSV - SC Diogenes"]
[Site "?"]
[Date "2019.02.24"]
[Round "7.8"]
[White "Kornrumpf, Joachim"]
[Black "Apitzsch, Leon Fabian"]
[Result "0-1"]
[WhiteElo "2100"]
[BlackElo "1966"]
[PlyCount "62"]
[EventDate "2019.??.??"]

1. b3 e5 2. Bb2 Nc6 3. e3 d5 4. Bb5 Bd6 5. f4 Qh4+ 6. g3 Qe7 7. Nf3 f6 8. Nc3
Be6 9. fxe5 fxe5 10. O-O Nf6 11. Ng5 Bd7 12. e4 a6 13. Be2 d4 14. Nb1 O-O 15.
d3 h6 16. Nf3 Bh3 17. Re1 Ng4 18. Bc1 Bb4 19. Bf1 Bxe1 20. Bxh3 Nf2 21. Qxe1
Nxh3+ 22. Kg2 Qf6 23. Qe2 g5 24. Ba3 g4 25. Nbd2 Rf7 26. Qf1 Qg6 27. Qd1 gxf3+
28. Nxf3 Qg4 29. Nh4 Rf2+ 30. Kh1 Qxd1+ 31. Rxd1 Rxc2 0-1

[Event "OLNN 1819 SG Turm Kiel II - FC St. Paul"]
[Site "?"]
[Date "2019.02.24"]
[Round "7.1"]
[White "Trisic, Aleksandar"]
[Black "Berg, Klaus"]
[Result "1-0"]
[WhiteElo "2292"]
[BlackElo "2302"]
[PlyCount "85"]
[EventDate "2019.??.??"]

1. d4 Nf6 2. Nf3 e6 3. c4 c5 4. e3 d5 5. Nc3 cxd4 6. exd4 Be7 7. Bd3 dxc4 8.
Bxc4 O-O 9. O-O a6 10. Bg5 b5 11. Bb3 Bb7 12. Qd3 Nc6 13. Rad1 Na5 14. Bc2 g6
15. Rfe1 Nc4 16. Bc1 Rc8 17. Bb3 Na5 18. Bh6 Re8 19. Ne5 Nxb3 20. axb3 Qd6 21.
Qh3 b4 22. Na4 Red8 23. Nc4 Qc6 24. Ne5 Qe8 25. Nc5 Bxc5 26. dxc5 Rxd1 27. Rxd1
Rxc5 28. Qh4 Rd5 29. Re1 Qd8 30. h3 Rd4 31. Qg5 Ne4 32. Qc1 Nd2 33. Qc5 Nxb3
34. Qa7 Qa8 35. Qb6 Bxg2 36. f3 Bxh3 37. Nc6 Rd3 38. Qxb4 Nd2 39. Rc1 Nxf3+ 40.
Kf2 Ne5 41. Ne7+ Kh8 42. Rc8+ Qxc8 43. Nxc8 1-0

[Event "OLNN 1819 SG Turm Kiel II - FC St. Paul"]
[Site "?"]
[Date "2019.02.24"]
[Round "7.2"]
[White "Michna, Marta"]
[Black "Priebe, Jan"]
[Result "1-0"]
[WhiteElo "2342"]
[BlackElo "2209"]
[PlyCount "47"]
[EventDate "2019.??.??"]

1. f4 d5 2. Nf3 Nc6 3. e3 a6 4. b3 Bg4 5. Bb2 Qd7 6. h3 Bxf3 7. Qxf3 O-O-O 8.
g4 f6 9. Bd3 Nb4 10. O-O Nxd3 11. cxd3 e6 12. Nc3 Ne7 13. Na4 Qb5 14. Rac1 Nc6
15. g5 Qxd3 16. gxf6 gxf6 17. Qg4 f5 18. Qg2 d4 19. Rxc6 Bb4 20. Rfc1 bxc6 21.
Qxc6 Rhg8+ 22. Kh2 Ba5 23. Nc5 Qb5 24. Qa8+ 1-0

[Event "OLNN 1819 SG Turm Kiel II - FC St. Paul"]
[Site "?"]
[Date "2019.02.24"]
[Round "7.3"]
[White "Breyther, Ruediger"]
[Black "Boe, Mads"]
[Result "1/2-1/2"]
[WhiteElo "2241"]
[BlackElo "2287"]
[PlyCount "83"]
[EventDate "2019.??.??"]

1. e4 c6 2. d4 d5 3. e5 Bf5 4. h4 h5 5. Bd3 Bxd3 6. Qxd3 e6 7. Bg5 Qb6 8. Nd2
Qa6 9. c4 Ne7 10. Ngf3 Nd7 11. O-O Nf5 12. Qc3 dxc4 13. Nxc4 Nb6 14. Ne3 Ne7
15. b3 Ned5 16. Qc2 Nb4 17. Qc1 N4d5 18. Nc4 Nxc4 19. bxc4 Nb6 20. c5 Nd5 21.
Re1 Rc8 22. Nd2 b5 23. Ne4 Qb7 24. Qd1 a5 25. Rb1 Qd7 26. Rb3 Ra8 27. a4 b4 28.
Rg3 Ra7 29. f4 Qc8 30. Qf3 g6 31. Qb3 Kd7 32. Rc1 Qa6 33. Rc4 Kc8 34. Rd3 Rd7
35. Kf2 Kb8 36. Rd1 Ka8 37. Rdc1 Ka7 38. g3 Ka8 39. Kf3 Ka7 40. Kf2 Ka8 41. Kf3
Ka7 42. Kf2 1/2-1/2

[Event "OLNN 1819 SG Turm Kiel II - FC St. Paul"]
[Site "?"]
[Date "2019.02.24"]
[Round "7.4"]
[White "Junge, Ralph"]
[Black "Perez De Miguel, Alvaro"]
[Result "1/2-1/2"]
[WhiteElo "2258"]
[BlackElo "2287"]
[PlyCount "57"]
[EventDate "2019.??.??"]

1. e4 c6 2. d4 d5 3. exd5 cxd5 4. c4 Nf6 5. Nc3 g6 6. cxd5 Bg7 7. Qb3 O-O 8.
Be2 b6 9. Bf3 Bb7 10. Nge2 Na6 11. O-O Ne8 12. Bf4 Nd6 13. a4 Nc7 14. Rfc1 Rc8
15. h3 Qd7 16. a5 b5 17. Bg4 f5 18. a6 Nxa6 19. Bf3 b4 20. Na4 Qb5 21. Nc5 Nxc5
22. dxc5 Rxc5 23. Rxc5 Qxc5 24. Be3 Qc4 25. Qxc4 Nxc4 26. Rxa7 Nd6 27. Bc5 Rb8
28. b3 Ne4 29. Bxb4 1/2-1/2

[Event "OLNN 1819 SG Turm Kiel II - FC St. Paul"]
[Site "?"]
[Date "2019.02.24"]
[Round "7.5"]
[White "Richter, Maik"]
[Black "Zeller, Joerg"]
[Result "1/2-1/2"]
[WhiteElo "2174"]
[BlackElo "2177"]
[PlyCount "97"]
[EventDate "2019.??.??"]

1. e4 e5 2. Nf3 Nc6 3. d4 exd4 4. Nxd4 Nxd4 5. Qxd4 Qf6 6. e5 Qb6 7. Qxb6 axb6
8. Nc3 Bb4 9. Bd2 Bxc3 10. Bxc3 Ne7 11. Bc4 O-O 12. O-O Re8 13. h3 Nc6 14. f4
d6 15. exd6 cxd6 16. Rad1 Be6 17. Bxe6 Rxe6 18. f5 Ree8 19. a3 Rad8 20. Rd5 Ne7
21. Rb5 Nc8 22. Bd4 Re2 23. Rf2 Re1+ 24. Rf1 Re2 25. Rf2 Re1+ 26. Kh2 Rd1 27.
Bxb6 Re8 28. Ba5 d5 29. Rd2 Rxd2 30. Bxd2 Rd8 31. Bf4 Rd7 32. g4 Ne7 33. Kg2 f6
34. Kf2 g6 35. fxg6 hxg6 36. h4 f5 37. Kg3 Kf7 38. Rc5 Nc6 39. gxf5 gxf5 40. h5
Ke6 41. Rc3 Rg7+ 42. Kf3 Rg4 43. Re3+ Kf6 44. c3 Nd8 45. Rd3 Ne6 46. Be3 Rh4
47. Rxd5 Rxh5 48. Rd7 Rh3+ 49. Ke2 1/2-1/2

[Event "OLNN 1819 SG Turm Kiel II - FC St. Paul"]
[Site "?"]
[Date "2019.02.24"]
[Round "7.6"]
[White "Boehm, Thomas"]
[Black "Mitscherling, Andreas"]
[Result "1-0"]
[WhiteElo "2102"]
[BlackElo "2171"]
[PlyCount "97"]
[EventDate "2019.??.??"]

1. e4 e6 2. d4 d5 3. exd5 exd5 4. Nf3 Bd6 5. c4 dxc4 6. Bxc4 Nf6 7. O-O O-O 8.
Bg5 h6 9. Bh4 Bg4 10. h3 Bh5 11. g4 Bg6 12. Ne5 Bxe5 13. dxe5 Qxd1 14. Rxd1
Nfd7 15. f4 Nb6 16. Bb3 Bxb1 17. Raxb1 Nc6 18. Rbc1 g5 19. fxg5 hxg5 20. Bxg5
Nxe5 21. Rf1 c6 22. Rf5 Rfe8 23. Bf6 Ng6 24. Rcf1 Nd5 25. Bxd5 cxd5 26. Rxd5
Re3 27. Kg2 Re2+ 28. Kg3 Rc8 29. Bc3 Re7 30. h4 Re3+ 31. Rf3 Rxf3+ 32. Kxf3
Nxh4+ 33. Kg3 Ng6 34. Rd7 Rb8 35. Kf3 a6 36. Ke4 b6 37. Bf6 Re8+ 38. Kd5 Nf4+
39. Kc6 Kh7 40. g5 Re6+ 41. Kb7 Kg6 42. Kxa6 Nh3 43. Rd5 Re2 44. Rb5 Re6 45. a4
Nf2 46. Rxb6 Kf5 47. a5 Nd3 48. Rxe6 fxe6 49. Kb5 1-0

[Event "OLNN 1819 SG Turm Kiel II - FC St. Paul"]
[Site "?"]
[Date "2019.02.24"]
[Round "7.7"]
[White "Grote, Dirk"]
[Black "Budzyn, Matthias"]
[Result "0-1"]
[WhiteElo "2043"]
[BlackElo "2108"]
[PlyCount "144"]
[EventDate "2019.??.??"]

1. d4 Nf6 2. c4 g6 3. f3 Nc6 4. d5 Ne5 5. e4 d6 6. Nc3 Bg7 7. f4 Ned7 8. Nf3
O-O 9. Be2 Nc5 10. Nd2 a5 11. O-O e6 12. Kh1 exd5 13. cxd5 Re8 14. Qc2 Bd7 15.
Rb1 Qe7 16. Bf3 Ng4 17. Nd1 Qh4 18. Bxg4 Qxg4 19. Nc3 b5 20. Nb3 Nxb3 21. axb3
b4 22. Nd1 Bb5 23. Re1 Qh4 24. g3 Qh5 25. Kg2 Bd7 26. Nf2 Rac8 27. Be3 c6 28.
Qd3 c5 29. Ra1 a4 30. Qc2 a3 31. bxa3 Bxa1 32. Rxa1 bxa3 33. Rxa3 Ra8 34. Bc1
Rxa3 35. Bxa3 f6 36. Bb2 Rf8 37. Qc3 Qe2 38. b4 Bh3+ 39. Kxh3 Qf1+ 40. Kg4 Qxf2
41. Kh3 Qf1+ 42. Kh4 Qe2 43. Kh3 Qxe4 44. bxc5 Qxd5 45. cxd6 Qxd6 46. Kh4 Qe6
47. Qd4 Kg7 48. Bc3 h6 49. g4 Re8 50. h3 g5+ 51. fxg5 hxg5+ 52. Kg3 Qe3+ 53.
Kg2 Qe2+ 54. Kg1 Qe3+ 55. Kg2 Qxd4 56. Bxd4 Rd8 57. Bc3 Kf7 58. Bb4 Ke6 59. Be1
Rd4 60. Bc3 Rc4 61. Ba5 Kd5 62. Bd8 Ke5 63. Kg3 Rc3+ 64. Kg2 Rc8 65. Be7 Rc7
66. Bd8 Rd7 67. Ba5 Kf4 68. Bc3 Rd6 69. Ba5 Rc6 70. Bd8 Rc2+ 71. Kf1 Kf3 72.
Ke1 Rc6 0-1

[Event "OLNN 1819 SG Turm Kiel II - FC St. Paul"]
[Site "?"]
[Date "2019.02.24"]
[Round "7.8"]
[White "Luckow, Rolf"]
[Black "Reuber, Artur"]
[Result "1-0"]
[WhiteElo "2212"]
[BlackElo "2198"]
[PlyCount "103"]
[EventDate "2019.??.??"]

1. b3 e6 2. Bb2 f5 3. e3 Nf6 4. Nf3 d5 5. c4 Bd6 6. Qc2 c6 7. Nc3 Qe7 8. Be2
O-O 9. d4 Nbd7 10. c5 Bc7 11. b4 e5 12. dxe5 Nxe5 13. O-O Nfg4 14. Nxe5 Nxe5
15. g3 Rf6 16. Rae1 Rh6 17. f4 Nd7 18. Bd3 g6 19. Ne2 Nf6 20. Qc3 Kf7 21. Nd4
Bd7 22. Nf3 Rf8 23. Qb3 Ne4 24. Be5 Bxe5 25. Nxe5+ Ke8 26. Bxe4 fxe4 27. h4 Rh5
28. Qb2 Qe6 29. Re2 Qh3 30. Rg2 Rhf5 31. b5 R8f6 32. Nxd7 Kxd7 33. bxc6+ Rxc6
34. Qxb7+ Rc7 35. Qb5+ Ke7 36. Rd1 Qg4 37. Rc1 Rf6 38. c6 Qf3 39. Qc5+ Rd6 40.
Kh2 Rcxc6 41. Qxa7+ Rd7 42. Qa3+ Rcd6 43. Rd2 Kf7 44. Rc7 Ke6 45. Rxd7 Kxd7 46.
Qa7+ Ke6 47. Qd4 Kf7 48. a4 h6 49. Rb2 g5 50. Qe5 Rf6 51. fxg5 Rf5 52. Qd6 1-0

[Event "OLNN 1819 SK Marmstorf - Schachfreunde "]
[Site "?"]
[Date "2019.02.24"]
[Round "7.1"]
[White "Sawatzki, Frank"]
[Black "Hebbinghaus, Holger"]
[Result "1/2-1/2"]
[WhiteElo "2394"]
[BlackElo "2302"]
[PlyCount "118"]
[EventDate "2019.??.??"]

1. e4 e6 2. d4 d5 3. Nc3 Nf6 4. Bg5 Be7 5. e5 Nfd7 6. Bxe7 Qxe7 7. f4 a6 8. Nf3
Nb6 9. Qd2 Bd7 10. b3 c5 11. Qe3 cxd4 12. Qxd4 Nc8 13. f5 Nc6 14. Qd2 Nb6 15.
a4 Qb4 16. Bd3 exf5 17. O-O d4 18. Ne2 Qxd2 19. Nxd2 Nxe5 20. Bxf5 Bxf5 21.
Rxf5 f6 22. Nxd4 O-O-O 23. N2f3 Nxf3+ 24. Nxf3 Rhe8 25. Kf2 Re7 26. Rc5+ Kb8
27. Re1 Rxe1 28. Nxe1 Nd5 29. Nd3 Rd6 30. Rc4 Nc7 31. Ke3 Ne6 32. a5 f5 33. g4
Rd5 34. gxf5 Rxf5 35. Re4 Nc7 36. Re5 Rxe5+ 37. Nxe5 Ne6 38. Ke4 Kc7 39. h4 Kd6
40. b4 Nd8 41. c3 g6 42. c4 Nc6 43. Nd3 h6 44. Kf4 g5+ 45. hxg5 hxg5+ 46. Kxg5
Nxb4 47. Nxb4 Kc5 48. Nxa6+ bxa6 49. Kf4 Kxc4 50. Ke3 Kb4 51. Kd3 Kxa5 52. Kc3
Kb5 53. Kb2 Kb4 54. Ka2 a5 55. Ka1 Kb3 56. Kb1 a4 57. Ka1 a3 58. Kb1 a2+ 59.
Ka1 Ka3 1/2-1/2

[Event "OLNN 1819 SK Marmstorf - Schachfreunde "]
[Site "?"]
[Date "2019.02.24"]
[Round "7.2"]
[White "Hawellek, Jeronimo"]
[Black "Bokelbrink, Uwe"]
[Result "1-0"]
[WhiteElo "2270"]
[BlackElo "2308"]
[PlyCount "71"]
[EventDate "2019.??.??"]

1. d4 d5 2. c4 c6 3. Nc3 dxc4 4. e4 b5 5. e5 Bb7 6. e6 f6 7. Bf4 Qc8 8. Qe2 Na6
9. O-O-O Nc7 10. Re1 g6 11. h4 Bh6 12. Nh3 Qd8 13. Qe3 Bg7 14. h5 g5 15. Bh2
Nd5 16. Nxd5 Qxd5 17. Be2 Nh6 18. Bf3 Qd8 19. g4 Qb6 20. Rd1 b4 21. Rd2 a5 22.
Rhd1 a4 23. Be2 Qa5 24. f4 f5 25. fxg5 Nxg4 26. Bxg4 fxg4 27. Nf2 h6 28. Be5 c3
29. bxc3 bxc3 30. Rc2 Bxe5 31. dxe5 Bc8 32. Qe4 Rg8 33. Qf5 Bxe6 34. Qxe6 Rxg5
35. Ne4 Rxe5 36. Qg8# 1-0

[Event "OLNN 1819 SK Marmstorf - Schachfreunde "]
[Site "?"]
[Date "2019.02.24"]
[Round "7.3"]
[White "Hermesmann, Hans"]
[Black "Ramme, Christoph"]
[Result "1/2-1/2"]
[WhiteElo "2260"]
[BlackElo "2157"]
[PlyCount "51"]
[EventDate "2019.??.??"]

1. d4 e6 2. c4 Nf6 3. Nc3 Bb4 4. e3 O-O 5. Bd3 c5 6. Nf3 d5 7. O-O dxc4 8. Bxc4
cxd4 9. exd4 b6 10. Bg5 Bb7 11. Re1 Bxc3 12. bxc3 Nbd7 13. Bd3 Qc7 14. Ne5 Nxe5
15. dxe5 Qc6 16. Bf1 Ne4 17. Bh4 Qxc3 18. Bd3 Nc5 19. Bc2 Qc4 20. Be7 Rfe8 21.
Bd6 Be4 22. Rc1 Bxc2 23. Rxc2 Qa4 24. Qe2 Rad8 25. Bxc5 bxc5 26. Rxc5 {(=)}
1/2-1/2

[Event "OLNN 1819 SK Marmstorf - Schachfreunde "]
[Site "?"]
[Date "2019.02.24"]
[Round "7.4"]
[White "Mueller, Jan-Hendrik"]
[Black "Ritscher, Jan-Paul"]
[Result "1-0"]
[WhiteElo "2094"]
[BlackElo "2249"]
[PlyCount "61"]
[EventDate "2019.??.??"]

1. e4 Nf6 2. e5 Nd5 3. d4 d6 4. c4 Nb6 5. exd6 exd6 6. Nc3 Be7 7. Bd3 Nc6 8.
Nge2 O-O 9. b3 Re8 10. O-O Bg4 11. Be3 Bg5 12. Qd2 Bxe3 13. fxe3 Qe7 14. e4 f5
15. Rae1 Bxe2 16. Bxe2 fxe4 17. Nxe4 Rf8 18. Bf3 Qd7 19. c5 Nd5 20. Qg5 Ndb4
21. Bg4 Rxf1+ 22. Rxf1 Qd8 23. Be6+ Kh8 24. Qh5 h6 25. Nf6 Ne7 26. Nd7 Ng8 27.
Rf8 Qe7 28. Rxa8 Qxe6 29. Qe8 Qd5 30. Qe3 dxc5 31. Nf6 1-0